000 00356nmm a2200133Ia 4500
008 251105s9999||||xx |||||||||||||||||und||
041 _acat
100 _aCammany, Anna
245 0 _aTransparent
264 _a[Madrid, España] :
_bEdiciones B,
_c2017
300 _a512 páginas
856 _uhttps://public.digitaliapublishing.com/a/54529
942 _cCF
999 _c106421
_d106421